| 000 | 02470nam a2200337 i 4500 | ||
|---|---|---|---|
| 001 | 000015507 | ||
| 003 | DO-SdBNP | ||
| 005 | 20260212094802.0 | ||
| 007 | ta | ||
| 008 | 100211s2006 dr c 000 0 spa d | ||
| 040 |
_aDO-SdBNP _bspa _cBNPHU _erda |
||
| 041 | _aspa | ||
| 082 | 4 |
_a320. 97293 _bT231di _222 |
|
| 100 | 1 |
_aTavárez Justo, Manolo, _d1931-1963 _eautor _4aut. _935025 |
|
| 245 | 1 | 0 |
_aDiscursos políticos 1961-1963 / _cManolo Tavárez Justo ; edición, Cristina Díaz, Teresa Espaillat. |
| 264 | 4 |
_aSanto Domingo, República Dominicana : _bFundación Manolo Tavárez, _c©2006. |
|
| 300 |
_a188 páginas : _bilustraciones, retratos ; _c22 cm. |
||
| 336 |
_atexto _btxt _2rdacontent |
||
| 337 |
_asin mediación _bn _2rdamedia |
||
| 338 |
_avolumen _bnc _2rdacarrier |
||
| 500 | _aIncluye datos biográficos del autor en las solapas | ||
| 505 | 0 |
_aPresentación -- _tDiscurso ante la Asamblea del Movimiento Revolucionario 14 de Junio. 30 de julio de 1961 -- _tDiscurso en la concentración celebrada por el 14 de Junio, en el en el parque Duarte de la ciudad de Santiago. 19 de agosto de 1961 -- _tDiscurso pronunciado en el acto celebrado por el 14 de Junio en el Parque Colón de la ciudad capital el 16 de septiembre de 1961 -- _tTexto de salutación emitida por la voz del Trópico al regresar al país, tras presidir la misión del 14 de Junio, que propugnó por el mantenimiento de las sanciones del gobierno del Dr. Balaguer -- _tDiscurso pronunciado por Manolo Tavárez en la gran concentración en el Parque Independencia celebrada el 14 de junio de 1962 -- _tAlocución del Dr. Manuel A. Tavárez Justo, Presidente del Comité Central Ejecutivo de la Agrupación Política 14 de Junio leída por Radio Cibao . (Inédita) 6 de noviembre de 1962 -- _tInforme de Manolo Tavárez ante la Primera Asamblea Extraordinaria de la Agrupación Política 14 de Junio celebrada en la ciudad capital. Diciembre de 1962 -- _tDiscurso pronunciado por Manolo Tavárez en el Aniversario de la gesta del 14 de Junio de 1959. 14 de junio de 1963. |
|
| 590 | _aInventariado, 2018/LP | ||
| 600 | 1 | 4 |
_aTavárez Justo, Manolo _d1931-1963 _935026 |
| 650 | 4 |
_aDiscursos _y1961-1963 _935027 |
|
| 651 | 4 |
_aRepública Dominicana _xPolítica y gobierno _xEnsayos, conferencias, etc. _y1961-1963 _935028 |
|
| 700 | 1 |
_aDíaz, Cristina, _eeditor _4ed. _916872 |
|
| 700 | 1 |
_aEspaillat, Teresa, _d1943- _eeditor _4ed. _916869 |
|
| 910 | _aValidado. Control de calidad MFF | ||
| 942 |
_2ddc _cLBS1 |
||
| 999 |
_c15063 _d15063 |
||